000 00290nam a22001337a 4500
008 170713b xxu||||| |||| 00| 0 eng d
020 _a0701494036
041 _aeng
080 _a101
100 _a24
101 _aFIL
245 _aCULTURE AND DOMINATION
_cBRENKMAN, J
942 _2udc
_cBK
999 _c20564
_d20564